| 000 | 00770nam a2200217Ia 4500 | ||
|---|---|---|---|
| 003 | GCL | ||
| 008 | 140319s9999 xx 000 0 ara d | ||
| 020 | _a5934509953 | ||
| 040 |
_aGCL / _cGCL |
||
| 082 | 0 | 4 |
_a214.32 _bب ت |
| 100 | 1 | _aبشير محمد الخضرا | |
| 245 | 1 | 0 |
_aالنمط النبوي -الخليفي في القيادة السياسية العربية والديمقراطية / _cبشير محمد الخضرا |
| 250 | _aالاولي | ||
| 260 |
_aبيروت : _bمركز دراسات الوحدة العربية ، _c2005 |
||
| 300 |
_a622 ص ؛ _c24 سم |
||
| 650 | 0 | 4 | _aالامامة |
| 650 | 0 | 4 | _aالقيادة |
| 650 | 0 | 4 | _aقضايا الاصلاح السياسى |
| 650 | 0 | 4 | _aالاسلام والسياسة |
| 942 |
_2ddc _cBK |
||
| 999 |
_c7524 _d7524 |
||